|
|
|
|
| LEADER |
00000nab a2200000 a 4500 |
| 001 |
vtls000061712 |
| 003 |
SK-MaSNL |
| 005 |
20260303024650.0 |
| 008 |
111103c1980 xo 0 slo |
| 015 |
|
|
|a SNBRB19rr/mm-uuuuu
|
| 035 |
|
|
|a CL0071812
|
| 040 |
|
|
|a SNKBUCL
|b slo
|c SNKBUCL
|e AACR2
|
| 041 |
0 |
|
|a slo
|
| 044 |
|
|
|a xo
|c SK
|
| 080 |
|
|
|a 621.39
|2 1981
|
| 100 |
1 |
|
|a Lang, Tomáš
|4 aut
|9 576490
|
| 245 |
1 |
0 |
|a Mikroelektronike "zelenú"
|c Tomáš Lang, Ladislav Keve
|
| 610 |
2 |
7 |
|a Výskumný ústav náradia (Nové Zámky, Slovensko)
|2 snkbucl
|9 122174
|
| 650 |
0 |
7 |
|a elektronika
|2 snkbucl
|9 3618
|
| 650 |
0 |
7 |
|a mikroelektronika
|2 snkbucl
|9 30923
|
| 651 |
|
7 |
|a 5207
|2 snkbucl
|9 276522
|
| 655 |
|
7 |
|a články z novín a časopisov
|2 snkbucl
|9 267496
|
| 700 |
1 |
|
|a Keve, Ladislav
|4 aut
|9 1008424
|
| 773 |
0 |
|
|t Nové slovo
|g Roč. 22, č. 28 (1980), s. 7
|
| 850 |
|
|
|a Slovenská národná knižnica v Martine
|a MTA001
|
| 852 |
|
|
|a SNK
|b KIS3GCP
|
| 958 |
|
|
|a RK
|
| 992 |
|
|
|a RBX
|
| 999 |
|
|
|c 1641906
|d 1643836
|